Temperature dependence of stiffness and damping for several metal and polymer matrix composites /

Bibliographic Details
Main Author: Cribb, Vance Newton, 1961-
Format: Thesis eBook
Language:English
Published: [Place of publication not identified] : [publisher not identified] ; 1988.
Subjects:
Online Access:Link to OAKTrust copy

MARC

Tag First Indicator Second Indicator Subfields
LEADER 00000cam a2200000 a 4500
001 in00000757421
005 20220103134303.0
007 cr unu a
008 890801s1988 xx a b 00010 eng d
035 |9 ADL3906AM 
035 |a (OCoLC)20109172 
040 |a TXA  |c TXA  |d UtOrBLW 
049 |a TXAZ [Also in] [Archives]  |c 1 [A12693222], 2 [A12693272] 
099 |a 1988  |a Thesis  |a C928 
100 1 |a Cribb, Vance Newton,  |d 1961- 
245 1 0 |a Temperature dependence of stiffness and damping for several metal and polymer matrix composites /  |c by Vance Newton Cribb, III. 
264 1 |a [Place of publication not identified] :  |b [publisher not identified] ;  |c 1988. 
300 |a xi, 56 leaves :  |b illustrations ;  |c 29 cm. 
336 |a text  |b txt  |2 rdacontent 
337 |a computer  |b c  |2 rdamedia 
338 |a online resource  |b cr  |2 rdacarrier 
500 |a "Major subject: Mechanical Engineering." 
500 |a Typescript (photocopy). 
500 |a Vita. 
502 |b M.S.  |c Texas A&M University  |d 1988. 
504 |a Bibliography: leaves 37-38. 
530 |a Also available online. 
650 0 |a Composite materials  |x Testing. 
650 4 |a Major mechanical engineering. 
856 4 1 |u https://hdl.handle.net/1969.1/ETD-TAMU-1988-THESIS-C928  |z Link to OAKTrust copy  |t 0 
999 |a MARS 
999 f f |s c6a6ee6e-736a-3bb1-97a0-3ee24d409226  |i 11e51e9b-4cea-342f-b5bf-cc15a00431b5  |t 0 
952 f f |p noncirc  |a Texas A&M University  |b J.J. Pickle Campus  |c High Density Repository  |s HDR  |d Remote Storage  |t 0  |e 1988 Thesis C928  |h Other scheme  |i computer -- online resource  |m A14839628044 
952 f f |a Texas A&M University  |b College Station  |c Electronic Resources  |s www_evans  |d Available Online  |t 0  |e 1988 Thesis C928  |h Other scheme 
998 f f |a 1988 Thesis C928  |t 0  |l Remote Storage 
998 f f |a 1988 Thesis C928  |t 0  |l Available Online